header

Royalist women writers, 1650-1689 (Record no. 11942)

MARC details
000 -LEADER
fixed length control field 01994nam a2200445 a 4500
082 04 - DEWEY DECIMAL CLASSIFICATION NUMBER
Classification number 820.9/358/09032
100 1# - MAIN ENTRY--AUTHOR NAME
Personal name Chalmers, Hero.
245 10 - TITLE STATEMENT
Title Royalist women writers, 1650-1689
260 ## - PUBLICATION, DISTRIBUTION, ETC. (IMPRINT)
Place of publication Oxford :
Name of publisher Clarendon Press ;
Place of publication New York :
Name of publisher Oxford University Press,
Year of publication 2004.
300 ## - PHYSICAL DESCRIPTION
Number of Pages xii, 228 p. :
Other physical details ill.
490 1# - SERIES STATEMENT
Series statement Oxford English monographs
650 #0 - SUBJECT ADDED ENTRY--TOPICAL TERM
Topical Term English literature
Topical Term Politics and literature
Topical Term English literature
Topical Term Women and literature
Topical Term Royalists
Topical Term Royalists
Topical Term Royalists in literature.
856 40 - ELECTRONIC LOCATION AND ACCESS
Uniform Resource Identifier http://site.ebrary.com/lib/rucke/Doc?id=10263660

No items available.

© 2026 Rongo University
Contact us: librarian | system librarian | Rongo university